00417nam a22001457a 4500008004100000040005500041080001800096100002000114245003200134250001200166260004100178300001400219650001500233653002300248230316b |||||||| |||| 00| 0 eng d aNational Science LibrarycNational Science Library aD 54(091)bJ7 aPartington, J R aShort history of chemistry  a3rd ed. aLondon: bMacmillan & Co Ltd.,c1960 aix, 415p. aChemistry  aApplied chemistry